00755nam a2200169Ia 4500001001100000003000500011008004100016010001100057040000900068100002700077245022700104260003400331300002300365502010500388700004200493710005000535Para_10272CHAP220125sNovi xx 000 0 und d a208961 cCHAP aGarcía Cruz, Eleazar aEvaluación de herbicidas preemergentes en el cultivo de romanesco (Brassuca oleracea var. Botrytis L.), en Chapingo, estado de México /c Eleazar García Cruz y Omar León Medina: Director José Antonio Tafoya Razo aChapingo, Méx. :b el autor a1 CDS ROM (101 p.) aTesis (Ing. Agr. Esp. en Parasitología Agrícola). UACh. Departamento Parasitología Agrícola aTafoya Razo, José Antonio. Director aUACh. Departamento Parasitología Agrícola